Intelligent Supply Chain Networks (Record no. 33228)

000 -LEADER
fixed length control field 00400nam a22001697a 4500
003 - CONTROL NUMBER IDENTIFIER
control field NUST
020 ## - INTERNATIONAL STANDARD BOOK NUMBER
International Standard Book Number 9783639202571
038 ## - RECORD CONTENT LICENSOR
Staff Name Khadija
082 ## - DEWEY DECIMAL CLASSIFICATION NUMBER
Classification number 658.7
Author Mark PAR
100 ## - MAIN ENTRY--PERSONAL NAME
Personal name Parlikad,Ajith Kumar.
9 (RLIN) 86203
245 ## - TITLE STATEMENT
Title Intelligent Supply Chain Networks
260 ## - PUBLICATION, DISTRIBUTION, ETC.
Place of publication, distribution, etc. New York:
Name of publisher, distributor, etc. VDM Publisher,
Date of publication, distribution, etc. 1966.
300 ## - PHYSICAL DESCRIPTION
Extent 65 p. ;
Other physical details 22 cm.
500 ## - GENERAL NOTE
General note Paperback.
563 ## - BINDING INFORMATION
Binding note PB
942 ## - ADDED ENTRY ELEMENTS (KOHA)
Koha item type Book
Source of classification or shelving scheme
Holdings
Withdrawn status Lost status Source of classification or shelving scheme Damaged status Not for loan Permanent Location Current Location Shelving location Date acquired Full call number Barcode Date last seen Price effective from Koha item type
          School of Mechanical & Manufacturing Engineering (SMME) School of Mechanical & Manufacturing Engineering (SMME) General Stacks 01/18/2016 658.7 PAR SMME-1966 03/29/2018 01/18/2016 Book
© 2023 Central Library, National University of Sciences and Technology. All Rights Reserved.